Online
Catalog

Arte mudéjar aragonés / (Record no. 42011)

MARC details
000 -CABECERA
campo de control de longitud fija 00637nam a2200193 a 4500
001 - NÚMERO DE CONTROL
campo de control 000042522
005 - FECHA Y HORA DE LA ÚLTIMA TRANSACCIÓN
campo de control 20201002040217.0
008 - DATOS DE LONGITUD FIJA--INFORMACIÓN GENERAL
campo de control de longitud fija 131210s1978 sp a 000 0 spa d
020 ## - NÚMERO INTERNACIONAL ESTÁNDAR DEL LIBRO
Número Internacional Estándar del Libro 8485303083
040 ## - FUENTE DE LA CATALOGACIÓN
Centro catalogador/agencia de origen DO-SdBNP
Lengua de catalogación spa
Centro/agencia transcriptor BNPHU
082 ## - NÚMERO DE LA CLASIFICACIÓN DECIMAL DEWEY
Número de clasificación xxx
Número de documento/Ítem xxx
100 1# - ENTRADA PRINCIPAL--NOMBRE DE PERSONA
Nombre de persona Borrás Gualis, Gonzalo M.
Fechas asociadas al nombre 1940-
9 (RLIN) 69738
245 10 - MENCIÓN DE TÍTULO
Título Arte mudéjar aragonés /
Mención de responsabilidad, etc. Gonzalo M. Borrás Gualis ; dibujos de Vicente González Hernández.
260 ## - PUBLICACIÓN, DISTRIBUCIÓN, ETC.
Lugar de publicación, distribución, etc. Zaragoza :
Nombre del editor, distribuidor, etc. Guara,
Fecha de publicación, distribución, etc. 1978.
300 ## - DESCRIPCIÓN FÍSICA
Extensión 237 p. :
Otras características físicas il. ;
Dimensiones 21 cm.
490 1# - MENCIÓN DE SERIE
Mención de serie Básica aragonesa
Designación de volumen o secuencia 4-5
700 12 - PUNTO DE ACCESO ADICIONAL--NOMBRE DE PERSONA
Nombre de persona González Hernández, Vicente
9 (RLIN) 69739
830 #0 - PUNTO DE ACCESO ADICIONAL DE SERIE-TÍTULO UNIFORME
Título uniforme Básica aragonesa
Número de parte o sección de la obra 4-5
9 (RLIN) 69740
Holdings
Estado de retiro Estado de pérdida Restricciones de uso No para préstamo Código de colección Localización permanente Ubicación/localización actual Ubicación en estantería Fecha de adquisición Número de inventario Total de préstamos Signatura topográfica completa Código de barras Fecha visto por última vez Precio válido a partir de Tipo de ítem Koha
      Excluido de préstamo Monografías: Libros y Folletos General General En catalogación 10.12.2013 LF1   xxx xxx 42522-10 25.06.2020 25.06.2020 No se presta

Powered by Koha